000 01151 a2200229 4500
001 258
005 20260407155417.0
008 260407a2010 arg spa d
003 AR-UNSa-BCEJYS
040 _aAR-UNSa-BCEJYS
_bspa
_cAR-UNSa-BCEJYS
080 _a336.226.1
_xImpuestos a las ganancias o los beneficios (Impuesto Diferido)
245 1 0 _aGanancias de tercera categoría
_punipersonales, sociedades de hecho
020 _a978-987-01-1051-4
264 1 _aBuenos Aires :
_bErrepar
_c2010
300 _a271 p.
_c27 cm.
505 _a1. Principales modificaciones para el año fiscal 2009 - 2. Datos útiles para la determinación del impuesto - 3. Conceptos básicos - 4. Tercera categoría - 5. Minicasos prácticos - 6. Práctica integral - 7. Consultas - 8. Ejercicios de autoevaluación - 9. Cuestiones controvertidas - 10. Práctica de inspección
942 _cBK
590 _aniveau_biblio:m niveau_hierar:0
100 1 _aCerchiara, Claudia M.
700 1 _aLobera, Elizabeth R.
856 4 1 _uhttps://biblioeco.unsa.edu.ar/pmb/images/libros/Ganancias de tercera categor?a Cerchiara, Claudia M. (2010).jpg
_yImagen de portada
_qimage/jpeg
999 _c172
_d172